Hệ thống điều khiển và giám sát động cơ xe hơi đời mới

Gardado en:
Detalles Bibliográficos
Formato: Libro
Idioma:Vietnamese
Publicado: Khoa học Kỹ Thuật 2009
Những chủ đề:
Các nhãn: Engadir etiqueta
Sen Etiquetas, Sexa o primeiro en etiquetar este rexistro!
Thư viện lưu trữ: Mạng thư viện Đại học Đà Nẵng
LEADER 01084nam a2200301 a 4500
001 000001931
003 03495
005 20171229145311.0
008 171229s2009 vie
040 |a LSK 
041 0 |a VIE 
082 0 |a 629.258  |b TR-S 
245 0 0 |a Hệ thống điều khiển và giám sát động cơ xe hơi đời mới  |c Trần Thế San, Trần Duy Nam 
260 |b Khoa học Kỹ Thuật  |c 2009 
300 |a 278 pages  |c 27 cm. 
653 |a Động cơ ô tô - Hệ thống điều khiển. Động cơ ô tô - Hệ thống giám sát 
852 |a Phòng Đọc 
901 |a 1 
927 |a Sách chuyên khảo 
OWN |a LSK 
AVA |a UDN50  |b LSK  |d 629.258 TR-S  |e available  |t Error 5001 Not defined in file expand_doc_bib_avail.  |f 1  |g 0  |h N  |i 0  |k 1 
999 |a From the UDN01 
AVA |a UDN50  |b LSK  |d 629.258 TR-S  |e available  |t Error 5001 Not defined in file expand_doc_bib_avail.  |f 1  |g 0  |h N  |i 0  |k 1 
TYP |a Monograph 
TYP |a Printed language 
980 |a Mạng thư viện Đại học Đà Nẵng